| 000 | 00406nam a22001457a 4500 | ||
|---|---|---|---|
| 008 | 210712b ||||| |||| 00| 0 eng d | ||
| 020 | _a9789993671725 | ||
| 082 | _a954.98 TOB | ||
| 245 |
_aBCSE : A book for the preliminary exam _beasy solutions to problem solving & data interpretation |
||
| 250 | _aedition III | ||
| 260 | _c2020. | ||
| 300 |
_a414 p. _c22 cm. |
||
| 700 | _aTobgay, Tashi | ||
| 942 | _2ddc | ||
| 999 |
_c8773 _d8774 |
||